From Sabbath to Lord's Day : (Record no. 2586)

MARC details
000 -LEADER
fixed length control field 00784pam a2200253 a 4500
001 - CONTROL NUMBER
control field 4206570
003 - CONTROL NUMBER IDENTIFIER
control field GBCCL
005 - DATE AND TIME OF LATEST TRANSACTION
control field 20241126110432.0
008 - FIXED-LENGTH DATA ELEMENTS--GENERAL INFORMATION
fixed length control field 811021s1982 miu b 001 0 eng
010 ## -
-- 81016343
020 ## - INTERNATIONAL STANDARD BOOK NUMBER
International Standard Book Number 0310445310
040 ## - CATALOGING SOURCE
Original cataloging agency DLC
Transcribing agency DLC
Modifying agency DLC
050 00 -
-- BV111
-- .F76 1982
082 00 - DEWEY DECIMAL CLASSIFICATION NUMBER
Classification number 263.1
Edition information 23
Item number SAB
245 00 - TITLE STATEMENT
Title From Sabbath to Lord's Day :
Remainder of title a Biblical, historical, and theological investigation /
Statement of responsibility, etc. edited by D.A. Carson.
260 ## - PUBLICATION, DISTRIBUTION, ETC.
Place of publication, distribution, etc. Grand Rapids, Mich. :
Name of publisher, distributor, etc. Zondervan,
Date of publication, distribution, etc. c1982.
300 ## - PHYSICAL DESCRIPTION
Extent 444 p. ;
Dimensions 21 cm.
504 ## - BIBLIOGRAPHY, ETC. NOTE
Bibliography, etc. note Includes bibliographical references and indexes.
650 #0 - SUBJECT ADDED ENTRY--TOPICAL TERM
Topical term or geographic name entry element Sunday.
9 (RLIN) 5425
650 #0 - SUBJECT ADDED ENTRY--TOPICAL TERM
Topical term or geographic name entry element Sabbath.
9 (RLIN) 5426
700 1# - ADDED ENTRY--PERSONAL NAME
Personal name Carson, D. A.
9 (RLIN) 20
906 ## - LOCAL DATA ELEMENT F, LDF (RLIN)
a 7
b cbc
c orignew
d 1
e ocip
f 19
g y-gencatlg
942 ## - ADDED ENTRY ELEMENTS (KOHA)
Source of classification or shelving scheme Dewey Decimal Classification
Koha item type Books
Koha issues (borrowed), all copies 2
Holdings
Withdrawn status Lost status Source of classification or shelving scheme Damaged status Not for loan Home library Current Library Shelving location Date acquired Total checkouts Full call number Barcode Date last seen Date last checked out Copy number Price effective from Koha item type
    Dewey Decimal Classification     GRACE BIBLE COLLEGE GRACE BIBLE COLLEGE Ministry & Mission 2017-09-04 2 263.1 SAB 002042 2025-05-01 2018-08-17 c.1 2017-09-04 Books
© Grace Bible College Library 2025